[Event "ICS rated blitz match"]
[Site "204.178.125.65"]
[Date "2000.01.25"]
[Round "?"]
[White "Hossa"]
[Black "SHA"]
[Result "0-1"]
[WhiteElo "2420"]
[BlackElo "2364"]
[PlyCount "146"]

1. e4 c5 2. Nf3 Nc6 3. d4 cxd4 4. Nxd4 e5 5. Nb5 d6 6. c4 Be7 7. N1c3 a6 8. Na3
Be6 9. Nc2 Bg5 10. Bxg5 Qxg5 11. Ne3 Rd8 12. h4 Qe7 13. Ncd5 Qd7 14. f3 Nge7
15. Nxe7 Qxe7 16. Qd2 O-O 17. O-O-O Nd4 18. h5 h6 19. Nc2 Nxc2 20. Kxc2 b5 21.
Qa5 bxc4 22. Qxa6 d5 23. exd5 Bf5+ 24. Kc3 Rb8 25. Qa3 Qg5 26. Qc5 Rfc8 27. Qa7
Qf6 28. d6 Bd3 29. d7 Rd8 30. Bxd3 cxd3 31. Kxd3 Qc6 32. Qa5 Rxd7+ 33. Ke3 Rdb7
34. Rd8+ Kh7 35. Rxb8 Rxb8 36. b3 Ra8 37. Qd2 Qb6+ 38. Ke2 f5 39. Qc2 e4 40.
fxe4 Re8 41. e5 Rxe5+ 42. Kf1 Qe3 43. Qd1 Qf4+ 44. Qf3 Qc1+ 45. Kf2 Qxh1 46.
Qc3 Qh4+ 47. Kf1 Qe4 48. Kg1 Qe1+ 49. Qxe1 Rxe1+ 50. Kh2 Ra1 51. a4 Ra3 52. Kg3
Rxb3+ 53. Kf4 Ra3 54. Ke5 Rxa4 55. Kxf5 Rh4 56. Ke5 Rxh5+ 57. Ke4 Rg5 58. g3
Kg6 59. Kf4 Kf6 60. Ke3 Rxg3+ 61. Kd4 Rg4+ 62. Ke3 Ke5 63. Kd3 Rd4+ 64. Ke3 h5
65. Kf2 Kf4 66. Ke2 g5 67. Kf2 Rd2+ 68. Ke1 Ke3 69. Kf1 Re2 70. Kg1 Rf2 71. Kh1
Kf3 72. Kg1 Kg3 73. Kh1 Rf1# 0-1

[Event "ICS rated blitz match"]
[Site "204.178.125.65"]
[Date "2000.01.25"]
[Round "?"]
[White "Hossa"]
[Black "leonardodavinci"]
[Result "1-0"]
[WhiteElo "2401"]
[BlackElo "2101"]
[PlyCount "31"]

1. e4 e5 2. Nf3 d6 3. d4 Bg4 4. dxe5 h5 5. Bc4 Qd7 6. exd6 Bxd6 7. Qd5 Be6 8.
Qxb7 Bxc4 9. Qxa8 Qc8 10. Qxa7 Ne7 11. Qa4+ Nbc6 12. Qxc4 O-O 13. O-O g6 14.
Bh6 Re8 15. Qc3 Kh7 16. Qg7# 1-0

[Event "ICS rated blitz match"]
[Site "204.178.125.65"]
[Date "2000.01.25"]
[Round "?"]
[White "HaraldLdahl"]
[Black "Hossa"]
[Result "0-1"]
[WhiteElo "2258"]
[BlackElo "2401"]
[PlyCount "39"]

1. e4 e5 2. Nf3 Nc6 3. Nc3 Nf6 4. Bb5 Nd4 5. Nxd4 exd4 6. e5 dxc3 7. exf6 cxd2+
8. Bxd2 Qxf6 9. O-O Qxb2 10. Re1+ Kd8 11. Bg5+ f6 12. Qh5 Ba3 13. Rab1 Qxc2 14.
Qf7 Qg6 15. Qb3 Qxg5 16. Qxa3 d6 17. Rb3 Bg4 18. Ba4 Qa5 19. Rbe3 Bd7 20. Re4
0-1

[Event "ICS rated blitz match"]
[Site "204.178.125.65"]
[Date "2000.01.25"]
[Round "?"]
[White "Hossa"]
[Black "Beadle"]
[Result "1/2-1/2"]
[WhiteElo "2411"]
[BlackElo "2565"]
[PlyCount "155"]

1. e4 Nc6 2. Nf3 e5 3. Bc4 Nf6 4. d4 exd4 5. O-O Nxe4 6. Re1 d5 7. Bxd5 Qxd5 8.
Nc3 Qh5 9. Nxe4 Be6 10. Neg5 O-O-O 11. Nxe6 fxe6 12. Qe2 Bb4 13. Qxe6+ Kb8 14.
Bd2 Bxd2 15. Nxd2 d3 16. cxd3 Rxd3 17. Ne4 Nd4 18. Qc4 Ne2+ 19. Kf1 Nf4 20.
Rac1 c6 21. Ng3 Qh6 22. Nh5 Qxh5 23. Qxf4+ Ka8 24. Kg1 Rhd8 25. a3 Rd2 26. b4
a6 27. Qc7 Qf5 28. Rf1 R8d7 29. Qc8+ Ka7 30. Qe8 Qd3 31. Qe5 Qxa3 32. Qc5+ b6
33. Qxc6 Qxb4 34. Qf3 Qd6 35. Rc8 Qd5 36. Qf4 Qb7 37. Rcc1 R7d4 38. Qg3 Rd6 39.
Qf4 R2d4 40. Qe3 Rd3 41. Qe5 R3d5 42. Qe3 Rd4 43. Ra1 Rd2 44. Qh3 h6 45. Qg4
R6d4 46. Qh3 Rc2 47. Qf5 Rdd2 48. Qf8 a5 49. Rae1 Re2 50. Rd1 Rc8 51. Qa3 Rc5
52. Qh3 Rc7 53. Rd4 Rce7 54. Rdd1 Qc6 55. Qd3 Qc2 56. Qd5 Qc5 57. Qg8 Qc6 58.
Qd8 Qc7 59. Qd3 Qe5 60. Qf3 Qe4 61. Qc3 Qc2 62. Qd4 Qc5 63. Qf4 b5 64. Rd8 Qe5
65. Qf8 Qc7 66. Rc8 Qd6 67. Ra8+ Kb6 68. Rb8+ Kc5 69. Qc8+ Qc7 70. Qf5+ Qe5 71.
Rc1+ Kb4 72. Rb1+ Ka4 73. Qg4+ Qe4 74. Ra1+ Kb4 75. Rb1+ Ka4 76. Ra1+ Kb4 77.
Rb1+ Ka4 78. Ra1+ 1/2-1/2

[Event "ICS rated blitz match"]
[Site "204.178.125.65"]
[Date "2000.01.25"]
[Round "?"]
[White "Hossa"]
[Black "PostModernist"]
[Result "0-1"]
[WhiteElo "2407"]
[BlackElo "2512"]
[PlyCount "112"]

1. e4 c5 2. Nf3 g6 3. d4 cxd4 4. Nxd4 Nc6 5. Nc3 Bg7 6. Be3 Nf6 7. Nxc6 bxc6 8.
e5 Ng8 9. f4 Nh6 10. Bd3 d6 11. Be4 d5 12. Bf3 Nf5 13. Bf2 Bd7 14. g4 Nh6 15.
O-O O-O 16. Bc5 Be6 17. Rb1 Qd7 18. g5 Nf5 19. Qe1 Rfb8 20. b3 f6 21. exf6 exf6
22. Rd1 Qf7 23. Bg2 Re8 24. Ne2 Bf8 25. Bxf8 Qxf8 26. Qc3 Ne3 27. Qxe3 Bg4 28.
Qc3 Bxe2 29. Qxc6 Rac8 30. Qxd5+ Kh8 31. Qd2 Qc5+ 32. Rf2 Bxd1 33. Qxd1 Rcd8
34. Qf1 Rd2 35. b4 Qxb4 36. gxf6 Qd4 37. c3 Qe3 38. c4 Rf8 39. Bf3 Rxf6 40. Kg2
Qxf4 41. Re2 Rd8 42. h3 Rdf8 43. Rf2 h5 44. Qd3 h4 45. Qc3 Kh7 46. Kg1 Qg3+ 47.
Rg2 Qxh3 48. Rb2 R8f7 49. Rb7 Qg3+ 50. Kf1 Rxf3+ 51. Qxf3 Qxf3+ 52. Ke1 Rxb7
53. Kd2 Rb2+ 54. Kc1 Qc3+ 55. Kd1 Rd2+ 56. Ke1 Qc1# 0-1

[Event "ICS rated standard match"]
[Site "204.178.125.65"]
[Date "2000.01.25"]
[Round "?"]
[White "PostModernist"]
[Black "Hossa"]
[Result "1-0"]
[WhiteElo "2443"]
[BlackElo "2250"]
[PlyCount "107"]

1. e4 c5 2. Nf3 g6 3. Nc3 Nc6 4. Bb5 a6 5. Bxc6 bxc6 6. Qe2 d5 7. d3 d4 8. Nb1
Bg7 9. O-O Nf6 10. Nbd2 O-O 11. Nb3 Nd7 12. e5 a5 13. e6 fxe6 14. Qxe6+ Kh8 15.
Qxc6 Ra6 16. Qe4 a4 17. Nbd2 Nf6 18. Qh4 Bg4 19. Ne5 Bh5 20. Ndc4 Nd7 21. Nxd7
Qxd7 22. f3 Bf6 23. Bg5 Bxg5 24. Qxg5 Qf5 25. Qxe7 Re6 26. Qh4 Re2 27. g4 Qf4
28. Rac1 Rf6 29. Qg3 Kg8 30. gxh5 Qh6 31. Rce1 Rxc2 32. Re8+ Rf8 33. Re5 a3 34.
bxa3 Rxa2 35. Rxc5 Rf6 36. Rc8+ Rf8 37. Rxf8+ Qxf8 38. hxg6 Qf6 39. gxh7+ Kxh7
40. Re1 Qf8 41. Kh1 Qf6 42. Rg1 Rxh2+ 43. Qxh2+ Qh6 44. Nd6 Qxh2+ 45. Kxh2 Kh6
46. Nf5+ Kh5 47. Ng7+ Kh6 48. f4 Kh7 49. Nf5 Kh8 50. Nd6 Kh7 51. f5 Kh6 52. Ne8
Kh5 53. Nf6+ Kh4 54. Rg4# 1-0

[Event "ICS rated blitz match"]
[Site "204.178.125.65"]
[Date "2000.01.25"]
[Round "?"]
[White "unlv"]
[Black "Hossa"]
[Result "1-0"]
[WhiteElo "2140"]
[BlackElo "2396"]
[PlyCount "147"]

1. d4 Nf6 2. c4 g6 3. Nc3 Bg7 4. e4 d6 5. f3 O-O 6. Be3 Nc6 7. Qd2 Re8 8. Nge2
Bh8 9. O-O-O e5 10. Kb1 exd4 11. Nxd4 Nxd4 12. Bxd4 Be6 13. Nd5 Bxd5 14. cxd5
c6 15. dxc6 bxc6 16. Ba6 Qe7 17. Rhe1 Rad8 18. g4 Bg7 19. h4 Kh8 20. Qf4 Ng8
21. Re2 Bxd4 22. Rxd4 Qxh4 23. Qxf7 Qg3 24. Rd3 Qg1+ 25. Kc2 Rf8 26. Qb7 Qb6
27. Qxb6 axb6 28. Red2 Ra8 29. Bc4 d5 30. exd5 b5 31. Bb3 c5 32. Re3 c4 33. d6
cxb3+ 34. Kxb3 h6 35. Rd5 Rab8 36. Rde5 Rbd8 37. Re6 Kg7 38. Kb4 Rf4+ 39. Kxb5
Rb8+ 40. Kc5 Rxb2 41. Re7+ Kh8 42. a3 h5 43. gxh5 gxh5 44. R3e5 Rc2+ 45. Kb5
Rh4 46. Rc7 Rb2+ 47. Kc6 Rb3 48. d7 Rc4+ 49. Rc5 Rxc5+ 50. Kxc5 Rd3 51. Kc6
Rc3+ 52. Kd6 Rd3+ 53. Ke6 Re3+ 54. Kf7 Rxf3+ 55. Kg6 Rf6+ 56. Kxh5 Rd6 57. Kh4
Rd1 58. Kg3 Rd5 59. Kf2 Rd2+ 60. Ke3 Rd1 61. a4 Rd5 62. a5 Rd6 63. a6 Nf6 64.
Rc8+ Kh7 65. a7 Nd5+ 66. Ke4 Nf6+ 67. Ke5 Rxd7 68. a8=Q Rf7 69. Ke6 Kh6 70.
Kxf7 Nh7 71. Qh1+ Kg5 72. Rc4 Nf8 73. Qh4+ Kf5 74. Rc5# 1-0

[Event "ICS rated blitz match"]
[Site "204.178.125.65"]
[Date "2000.01.26"]
[Round "?"]
[White "Hossa"]
[Black "unlv"]
[Result "0-1"]
[WhiteElo "2370"]
[BlackElo "2256"]
[PlyCount "98"]

1. e4 e5 2. Nf3 Nf6 3. Nxe5 d6 4. Nf3 Nxe4 5. d4 d5 6. Bd3 Bd6 7. O-O O-O 8. c4
c6 9. cxd5 cxd5 10. Nc3 Nxc3 11. bxc3 Nc6 12. Bg5 Qc7 13. Re1 Bg4 14. h3 Bh5
15. Qe2 f6 16. Be3 f5 17. Qd1 Rae8 18. Be2 Na5 19. Bd2 Nc4 20. Bxc4 dxc4 21.
Qa4 a6 22. Rxe8 Bxe8 23. Qc2 Bc6 24. Ng5 Qa5 25. Re1 h6 26. Nf3 Be4 27. Qb2
Bxf3 28. gxf3 Qd5 29. Qb6 Kh7 30. Rb1 Qxf3 31. Qxb7 Qe2 32. Qd7 Rf6 33. Bg5
hxg5 34. Rb7 Bf8 35. Qd5 g4 36. h4 Qe1+ 37. Kg2 Qxc3 38. Rc7 Qh3+ 39. Kg1 Bd6
40. Rxg7+ Kxg7 41. Qb7+ Rf7 42. Qh1 Re7 43. Qxh3 gxh3 44. f4 Bxf4 45. Kf2 h2
46. Kg2 Re1 47. Kf3 h1=Q+ 48. Kxf4 Qh3 49. d5 Qg4# 0-1

[Event "ICS rated blitz match"]
[Site "204.178.125.65"]
[Date "2000.01.26"]
[Round "?"]
[White "Hossa"]
[Black "egya"]
[Result "1-0"]
[WhiteElo "2349"]
[BlackElo "2026"]
[PlyCount "61"]

1. d4 Nf6 2. c4 g6 3. Nc3 Bg7 4. e4 d6 5. f3 O-O 6. Bg5 c6 7. Bd3 a6 8. Qd2 b5
9. Bh6 e5 10. dxe5 dxe5 11. O-O-O bxc4 12. Bxg7 Kxg7 13. Bxc4 Qxd2+ 14. Rxd2
Nbd7 15. Nge2 Nb6 16. Bb3 c5 17. Rd6 Rb8 18. Rhd1 c4 19. Bc2 Be6 20. Na4 Nxa4
21. Bxa4 Rb4 22. Rxa6 Rfb8 23. Rd2 Nh5 24. Ra7 Nf4 25. Nxf4 exf4 26. a3 R4b6
27. Rc7 Ra8 28. Bd7 Bxd7 29. Rdxd7 Rf6 30. e5 Rf5 31. e6 1-0

[Event "ICS Rated standard match"]
[Site "204.178.125.65"]
[Date "2000.01.26"]
[Round "?"]
[White "Hossa"]
[Black "High-Command"]
[Result "0-1"]
[WhiteElo "2242"]
[BlackElo "2618"]
[PlyCount "108"]

1. e4 e5 2. Nf3 Nc6 3. Bb5 Bc5 4. O-O Nd4 5. Nxd4 Bxd4 6. c3 Bb6 7. d4 c6 8.
Bc4 d6 9. dxe5 dxe5 10. Qxd8+ Bxd8 11. Rd1 Nf6 12. f3 b5 13. Be2 Be6 14. Be3
O-O 15. Rd6 Bd7 16. Nd2 Bc7 17. Rd3 Be6 18. a4 bxa4 19. Rxa4 Rfb8 20. b4 a5 21.
bxa5 Bxa5 22. Bd1 h6 23. g3 Nd7 24. Rd6 Nb6 25. Ra3 Nc8 26. Rd3 c5 27. Bxc5 Bb6
28. Bxb6 Rxa3 29. Rd8+ Kh7 30. Bc7 Rb7 31. Bxe5 Ne7 32. Rd6 Ng6 33. Be2 Nxe5
34. f4 Rb2 35. Kf2 Nc4 36. Bxc4 Bxc4 37. h4 Rxc3 38. f5 Ba6 39. g4 Rh3 40. g5
hxg5 41. hxg5 Bd3 42. Ke1 Rh1+ 43. Kf2 Rxd2+ 44. Ke3 Rdd1 45. Rd4 Rh4 46. f6
gxf6 47. Rxd3 Rh3+ 48. Kd4 Rhxd3+ 49. Kc4 Rd7 50. Kb3 Rc1 51. Kb2 Rc6 52. g6+
Kg7 53. gxf7 Rb7+ 54. Ka1 Ra6# 0-1

[Event "ICS rated blitz match"]
[Site "204.178.125.65"]
[Date "2000.01.26"]
[Round "?"]
[White "saknight"]
[Black "Hossa"]
[Result "0-1"]
[WhiteElo "2145"]
[BlackElo "2353"]
[PlyCount "30"]

1. e4 c6 2. d4 d5 3. e5 Bf5 4. Nc3 Qb6 5. g4 Bd7 6. h3 e6 7. Nf3 c5 8. dxc5
Bxc5 9. Qd2 Ne7 10. Bg2 O-O 11. O-O f6 12. exf6 Rxf6 13. Qg5 Na6 14. Bf4 h6 15.
Qe5 Ng6 0-1

[Event "ICS rated standard match"]
[Site "204.178.125.65"]
[Date "2000.01.26"]
[Round "?"]
[White "Hossa"]
[Black "NakedPizzaMan"]
[Result "1-0"]
[WhiteElo "2239"]
[BlackElo "2011"]
[PlyCount "32"]

1. d4 f5 2. g3 g6 3. Nf3 Bg7 4. Bg2 Nf6 5. c4 O-O 6. O-O d6 7. Nc3 c6 8. Bf4 a5
9. Qb3 Na6 10. Na4 Rb8 11. c5+ Kh8 12. Ng5 Qe8 13. cxd6 b5 14. Nc3 a4 15. Qc2
Nb4 16. Qc1 exd6 1-0

[Event "ICS rated blitz match"]
[Site "204.178.125.65"]
[Date "2000.01.26"]
[Round "?"]
[White "Hossa"]
[Black "PostModernist"]
[Result "0-1"]
[WhiteElo "2360"]
[BlackElo "2476"]
[PlyCount "110"]

1. d4 Nf6 2. c4 e6 3. g3 Bb4+ 4. Nd2 d5 5. a3 Bxd2+ 6. Bxd2 dxc4 7. e3 Qd5 8.
Nf3 Nc6 9. Rc1 b5 10. a4 a6 11. Bg2 e5 12. O-O e4 13. Ne1 O-O 14. f3 Bf5 15.
fxe4 Nxe4 16. Qh5 Be6 17. Qh4 f5 18. Nf3 h6 19. Bc3 Qd6 20. Ne5 Nxe5 21. dxe5
Qb6 22. Bd4 c5 23. Bc3 Bd5 24. axb5 axb5 25. Bxe4 Bxe4 26. Rcd1 b4 27. Rd6 Qb5
28. Be1 Bd3 29. Rf3 Qb7 30. Rxd3 cxd3 31. Qc4+ Kh7 32. Rf1 Rad8 33. Rf2 Qd5 34.
Qb5 Rfe8 35. e6 Rxe6 36. Bd2 Ra8 37. Bc1 Rxe3 38. Bxe3 Ra1+ 39. Rf1 Rxf1+ 40.
Kxf1 Qf3+ 41. Kg1 Qxe3+ 42. Kg2 Qe2+ 43. Kg1 Qd1+ 44. Kg2 Qc2+ 45. Kg1 d2 46.
Qd7 d1=Q+ 47. Qxd1 Qxd1+ 48. Kf2 Qd2+ 49. Kf3 Qxb2 50. h4 b3 51. Kf4 Qd2+ 52.
Kf3 b2 53. g4 b1=Q 54. gxf5 Qxf5+ 55. Kg3 Qdf2# 0-1

[Event "ICS rated blitz match"]
[Site "204.178.125.65"]
[Date "2000.01.26"]
[Round "?"]
[White "PostModernist"]
[Black "Hossa"]
[Result "1/2-1/2"]
[WhiteElo "2487"]
[BlackElo "2349"]
[PlyCount "201"]

1. c4 e5 2. Nc3 Nc6 3. g3 Nf6 4. Nf3 d5 5. cxd5 Nxd5 6. d3 Bb4 7. Bd2 Bg4 8.
Bg2 O-O 9. O-O Nde7 10. a3 Bd6 11. Ng5 Qd7 12. Be4 Bf5 13. Qb3 Bxe4 14. Ncxe4
Nd4 15. Qd1 h6 16. Nxd6 cxd6 17. e3 hxg5 18. exd4 Qh3 19. Bxg5 Nf5 20. dxe5
dxe5 21. Qf3 Nd4 22. Qxb7 Rab8 23. Qg2 Qxg2+ 24. Kxg2 Rxb2 25. Be7 Re8 26. Bd6
Re6 27. Bb4 Rc2 28. Rfc1 Rec6 29. Rxc2 Nxc2 30. Ra2 f5 31. Rb2 Kh7 32. a4 Nd4
33. Bd2 Ra6 34. Rb4 Rd6 35. Rc4 Ne2 36. Be3 Rxd3 37. Bxa7 Ra3 38. Bb8 e4 39.
Be5 g5 40. Rc2 f4 41. gxf4 gxf4 42. Kf1 f3 43. Rc4 Rb3 44. Ke1 e3 45. fxe3 Rxe3
46. Bd6 Re6 47. Rh4+ Kg6 48. Bc7 Rc6 49. Ba5 Rc2 50. Bd2 Ra2 51. h3 f2+ 52.
Kxe2 Rxd2+ 53. Kf1 Ra2 54. Rc4 Kh6 55. Kg2 Kh5 56. Rb4 Kg5 57. h4+ Kh5 58. Rf4
Kh6 59. Rc4 Kg6 60. Kf1 Kh6 61. Rd4 Kg6 62. Kg2 Kh5 63. Re4 Kg6 64. Rc4 Kh5 65.
Rd4 Kg6 66. Re4 Kh5 67. Kf1 Kg6 68. Rg4+ Kh5 69. Rf4 Kg6 70. Re4 Kh5 71. Rb4
Kg6 72. Rf4 Kh5 73. a5 Rxa5 74. Kxf2 Ra2+ 75. Kf3 Ra3+ 76. Kg2 Ra2+ 77. Kh1
Ra1+ 78. Kh2 Ra2+ 79. Kg1 Kh6 80. Rg4 Ra1+ 81. Kg2 Ra2+ 82. Kh3 Ra3+ 83. Rg3
Rxg3+ 84. Kxg3 Kg7 85. h5 Kh8 86. Kf4 Kg8 87. Kf5 Kf7 88. Kg5 Kg7 89. Kg4 Kh8
90. Kf4 Kg8 91. h6 Kh7 92. Kg5 Kh8 93. Kf5 Kh7 94. Kg5 Kh8 95. Kg4 Kh7 96. Kh5
Kh8 97. Kg5 Kh7 98. Kh5 Kh8 99. Kg6 Kg8 100. h7+ Kh8 101. Kh6 1/2-1/2

[Event "ICS rated blitz match"]
[Site "204.178.125.65"]
[Date "2000.01.26"]
[Round "?"]
[White "Hossa"]
[Black "PostModernist"]
[Result "0-1"]
[WhiteElo "2355"]
[BlackElo "2481"]
[PlyCount "134"]

1. d4 Nf6 2. c4 e6 3. Nf3 b6 4. g3 Bb7 5. Bg2 Be7 6. O-O O-O 7. Nc3 Ne4 8. Qc2
Nxc3 9. Qxc3 f5 10. Rd1 Bf6 11. Bf4 d6 12. Ng5 Bxg2 13. Nxe6 Qe7 14. Nxf8 Bb7
15. Nxh7 Kxh7 16. Qe3 Qxe3 17. Bxe3 Nc6 18. h4 Re8 19. Rd2 f4 20. Bxf4 Nxd4 21.
Be3 Nf5 22. Bg5 Bxg5 23. hxg5 Kg6 24. g4 Nh4 25. f4 Ng2 26. e3 Nxe3 27. Re1
Nxc4 28. Rxe8 Nxd2 29. Re7 Bf3 30. f5+ Kxg5 31. Rxg7+ Kf6 32. Rg6+ Ke5 33. Re6+
Kd5 34. Re3 Be4 35. Kf2 Nc4 36. f6 Ne5 37. g5 Kd4 38. Rc3 c6 39. Ra3 a5 40.
Ra4+ Kd3 41. b4 axb4 42. Rxb4 b5 43. Kg3 d5 44. Rb1 Ke2 45. Rc1 Bg6 46. Rc3 Kd2
47. Rb3 d4 48. Rb4 Ke3 49. a4 d3 50. Rb3 Ke2 51. Rb2+ d2 52. axb5 cxb5 53. f7
Nxf7 54. Ra2 Ke1 55. Ra1+ d1=Q 56. Rxd1+ Kxd1 57. Kf4 b4 58. Ke3 b3 59. Kd4 b2
60. Kc5 b1=Q 61. Kc4 Qc2+ 62. Kd4 Qc6 63. Ke3 Qe4+ 64. Kf2 Qf4+ 65. Kg2 Be4+
66. Kg1 Qg3+ 67. Kf1 Qe1# 0-1

[Event "ICS rated blitz match"]
[Site "204.178.125.65"]
[Date "2000.01.26"]
[Round "?"]
[White "PostModernist"]
[Black "Hossa"]
[Result "1-0"]
[WhiteElo "2491"]
[BlackElo "2345"]
[PlyCount "93"]

1. e4 c6 2. d4 d5 3. Nc3 dxe4 4. Nxe4 Bf5 5. Ng3 Bg6 6. h4 h6 7. Nf3 Nd7 8. Bd3
Bxd3 9. Qxd3 Qb6 10. Bd2 Qxb2 11. O-O Qb6 12. Rfb1 Qc7 13. d5 Nc5 14. Qd4 cxd5
15. Bf4 Qc8 16. Qxd5 Nf6 17. Qd2 g5 18. Be3 gxh4 19. Nxh4 Rg8 20. Bxc5 Qxc5 21.
Qd3 Rd8 22. Qf3 b5 23. Rd1 Nd7 24. Nhf5 Qxc2 25. Rac1 Rxg3 26. fxg3 Qxc1 27.
Rxc1 e6 28. Qf4 Nc5 29. Nxh6 Bxh6 30. Qxh6 Nd7 31. Qh5 Ke7 32. Qxb5 e5 33. Rc7
Kd6 34. Qc6+ Ke7 35. Rxa7 f5 36. Qc5+ Ke8 37. Qd6 Kf7 38. Rxd7+ Rxd7 39. Qxd7+
Kf6 40. Qd6+ Kg5 41. Kf2 Kh5 42. Qf6 f4 43. g4+ Kxg4 44. Qg6+ Kh4 45. Kf3 e4+
46. Kxf4 e3 47. Qh6# 1-0

[Event "ICS Rated standard match"]
[Site "204.178.125.65"]
[Date "2000.01.26"]
[Round "?"]
[White "Hossa"]
[Black "stormx"]
[Result "1/2-1/2"]
[WhiteElo "2246"]
[BlackElo "2060"]
[PlyCount "184"]

1. e4 e5 2. Nf3 Nf6 3. Nxe5 d6 4. Nf3 Nxe4 5. d4 d5 6. Bd3 Bb4+ 7. c3 Bd6 8.
O-O O-O 9. c4 Be6 10. Re1 Bb4 11. cxd5 Nxf2 12. Kxf2 Bxe1+ 13. Kg1 Bf2+ 14.
Kxf2 Bxd5 15. Be3 Bxf3 16. Qxf3 Qh4+ 17. Kg1 Qe1+ 18. Bf1 Nc6 19. Bf2 Qb4 20.
Qc3 Rad8 21. Qxb4 Nxb4 22. Nc3 Rfe8 23. Bc4 Nc2 24. Rf1 Rd7 25. Bb3 Nb4 26. a3
Nd3 27. Ba4 c6 28. d5 Rd6 29. dxc6 bxc6 30. Rd1 Ree6 31. Bg3 Rd7 32. b4 Ne5 33.
Re1 Ng4 34. Bxc6 Rd3 35. Rxe6 fxe6 36. Be1 Re3 37. Bd2 Rd3 38. Nb1 Rb3 39. Be4
Nf6 40. Bc2 Rb2 41. Bd3 Rb3 42. Nc3 Rxa3 43. Bc4 Kf7 44. h3 Ke7 45. g4 h6 46.
Kg2 e5 47. Nb5 Ra1 48. Be3 a5 49. bxa5 Ra4 50. Bd3 Rxa5 51. Nc3 Nd7 52. Bg6 Ra3
53. Bd2 Rb3 54. Bc2 Rb8 55. Bc1 Rc8 56. Ba3+ Kd8 57. Bb4 Rc4 58. Ba5+ Ke7 59.
Bb3 Rd4 60. Nd5+ Kd6 61. Nc7 Rd3 62. Bc2 Re3 63. Ne8+ Ke7 64. Bg6 Kf8 65. Bb4+
Kg8 66. Bf5 Nf8 67. Bd6 Kf7 68. Nc7 g5 69. Nd5 Re1 70. Nb4 Ne6 71. Kf2 Rh1 72.
Nc6 Rxh3 73. Nxe5+ Kf6 74. Nd7+ Kf7 75. Kg2 Rc3 76. Ne5+ Kf6 77. Ng6 Rb3 78.
Be5+ Kf7 79. Kf2 Ng7 80. Bc2 Ra3 81. Bb2 Ra6 82. Ne5+ Ke7 83. Bb3 Ne6 84. Bxe6
Kxe6 85. Kf3 Kd5 86. Nd7 Ra2 87. Nf6+ Ke6 88. Bc3 Ra4 89. Ne4 Kd5 90. Nf6+ Ke6
91. Ne4 Kd5 92. Nf6+ Ke6 1/2-1/2

[Event "ICS Rated blitz match"]
[Site "204.178.125.65"]
[Date "2000.01.26"]
[Round "?"]
[White "PostModernist"]
[Black "Hossa"]
[Result "1-0"]
[WhiteElo "2476"]
[BlackElo "2335"]
[PlyCount "61"]
[EventDate "2000.??.??"]

1. e4 e5 2. Nf3 Nc6 3. Bb5 Bc5 4. O-O Nd4 5. Nxd4 Bxd4 6. c3 Bb6 7. d4 exd4 8.
cxd4 c6 9. Ba4 Ne7 10. Nc3 O-O 11. d5 Re8 12. Bg5 f6 13. Bf4 Ng6 14. Bg3 Ne5
15. Bb3 Kh8 16. d6 Bc5 17. Na4 Bb4 18. a3 Ba5 19. Qh5 b5 20. Nc3 Nc4 21. Qe2 f5
22. Bxc4 Bxc3 23. Bxb5 Bd4 24. Bd3 Rb8 25. Rab1 fxe4 26. Bxe4 Bxb2 27. Qg4 Rb7
28. Rbe1 Bxa3 29. Qh5 Rxe4 30. Rxe4 g6 31. Qe2 1-0

[Event "ICS Rated blitz match"]
[Site "204.178.125.65"]
[Date "2000.01.26"]
[Round "?"]
[White "Hossa"]
[Black "BugChess"]
[Result "1-0"]
[WhiteElo "2325"]
[BlackElo "2366"]
[PlyCount "127"]

1. e4 c5 2. Nf3 d6 3. d4 cxd4 4. Nxd4 Nf6 5. Nc3 g6 6. Be3 Bg7 7. f3 O-O 8. Bc4
Nc6 9. Bb3 Bd7 10. Nxc6 Bxc6 11. Qd2 b5 12. Bh6 Bxh6 13. Qxh6 b4 14. Ne2 Bb5
15. Nd4 Rb8 16. O-O-O Qc7 17. g4 Qd7 18. e5 dxe5 19. Ne6 fxe6 20. Rxd7 Bxd7 21.
Qe3 h5 22. gxh5 gxh5 23. Qxa7 Rb5 24. Rd1 Kf7 25. Rxd7 Nxd7 26. Qxd7 Rb6 27.
Qd3 Ke8 28. Ba4+ Kf7 29. Qh7+ Kf6 30. Qh6+ Kf7 31. Qxh5+ Kg8 32. Bb3 Rf6 33.
Qe8+ Kg7 34. Qxe7+ Rf7 35. Qg5+ Kh7 36. Qh5+ Kg8 37. Bxe6 Rxe6 38. Qg4+ Rg7 39.
Qxe6+ Kf8 40. Qxe5 Rg1+ 41. Kd2 Rh1 42. Qf4+ Kg7 43. h4 Kg6 44. Qxb4 Rh2+ 45.
Ke3 Rh1 46. Qg4+ Kf6 47. h5 Re1+ 48. Kf4 Rd1 49. Qf5+ Ke7 50. h6 Rd4+ 51. Kg3
Rd8 52. Qg5+ Kd7 53. Qxd8+ Kxd8 54. f4 Ke7 55. h7 Kd6 56. Kg4 Kc5 57. h8=Q Kc6
58. Qc8+ Kd6 59. b3 Ke7 60. Qc7+ Kf6 61. Qd7 Kg6 62. Qe7 Kh6 63. Kf5 Kh5 64.
Qg5# 1-0

[Event "ICS Rated blitz match"]
[Site "204.178.125.65"]
[Date "2000.01.26"]
[Round "?"]
[White "Hossa"]
[Black "PostModernist"]
[Result "0-1"]
[WhiteElo "2343"]
[BlackElo "2486"]
[PlyCount "122"]

1. e4 c6 2. d4 d5 3. Nc3 dxe4 4. Nxe4 Nd7 5. Bc4 Ngf6 6. Ng5 e6 7. Qe2 Nb6 8.
Bd3 h6 9. N5f3 c5 10. c3 a6 11. Bd2 Bd6 12. Ne5 cxd4 13. cxd4 Na4 14. Rb1 O-O
15. Ngf3 Nb6 16. O-O Qe7 17. Rbc1 Bd7 18. Rfe1 Rac8 19. Ba5 Nbd5 20. Bc4 b5 21.
Bb3 Nf4 22. Qe3 N6d5 23. Qe4 f5 24. Qb1 Rxc1 25. Qxc1 Bxe5 26. Rxe5 Nd3 27. Qd1
Nxe5 28. Nxe5 Rc8 29. Bd2 Bc6 30. Qf3 Bb7 31. Qg3 Qf6 32. Bd1 Nb6 33. Bb3 Bd5
34. Bd1 Nc4 35. Bf4 Nxb2 36. Bh5 Nc4 37. Qc3 g5 38. Bc1 b4 39. Qc2 Be4 40. Qd1
Nxe5 41. dxe5 Qxe5 42. Bd2 a5 43. h4 Qd5 44. Qb3 Rc2 45. Be3 Rxa2 46. Qxd5 Bxd5
47. hxg5 b3 48. Bd4 b2 49. Bxb2 Rxb2 50. gxh6 a4 51. h7+ Kxh7 52. Be2 a3 53.
Bd3 a2 54. Bxf5+ exf5 55. Kh2 a1=Q 56. Kg3 Qe1 57. Kh4 Rb4+ 58. Kg3 Qh1 59. f4
Qxg2+ 60. Kh4 Rxf4+ 61. Kh5 Bf7# 0-1

[Event "ICS Rated blitz match"]
[Site "204.178.125.65"]
[Date "2000.01.26"]
[Round "?"]
[White "PostModernist"]
[Black "Hossa"]
[Result "1-0"]
[WhiteElo "2496"]
[BlackElo "2333"]
[PlyCount "153"]

1. e4 c6 2. Nc3 g6 3. d3 d5 4. Bd2 Bg7 5. exd5 cxd5 6. Nf3 Nc6 7. Be2 e5 8. O-O
Nge7 9. Qc1 Nf5 10. Re1 O-O 11. Qd1 Be6 12. Ng5 Nfd4 13. Nxe6 fxe6 14. b3 Qh4
15. f3 Nxe2+ 16. Rxe2 Nd4 17. Rf2 Rac8 18. Rc1 Nf5 19. Qe1 Rc6 20. Ne2 Ra6 21.
a4 Nd4 22. Nxd4 Qxd4 23. Be3 Qh4 24. Re2 Qe7 25. Bf2 Qg5 26. Bg3 Rf5 27. Rd1
Rc6 28. Qb4 Rf7 29. Qg4 Qe7 30. Qh3 Qc5+ 31. Bf2 Qc3 32. Rb1 a5 33. Qh4 Bf6 34.
Qg4 Bd8 35. Qg3 Bc7 36. Qh4 b6 37. Be3 Kh8 38. Kh1 d4 39. Bg5 Kg8 40. Be7 Bb8
41. Ba3 Rc8 42. Rbe1 Bc7 43. Kg1 Kg7 44. Qh3 Re8 45. Bc1 Kg8 46. Qh6 Bd6 47.
Kh1 Rf5 48. Bg5 Bf8 49. Qh4 Bg7 50. Bc1 Rh5 51. Qe4 Qc5 52. g4 Rh3 53. Kg2 Rh6
54. Bxh6 Bxh6 55. Qxe5 Qc3 56. Qb5 Rf8 57. Qxb6 Bd2 58. Qxe6+ Rf7 59. Rd1 Be3
60. Qc4 Qb2 61. Qc5 h5 62. Qxa5 hxg4 63. fxg4 Bf4 64. Qd5 Kg7 65. Rf1 g5 66. h4
Qc3 67. hxg5 Qc7 68. Qxd4+ Be5 69. Rxf7+ Kxf7 70. Rxe5 Qxc2+ 71. Kh3 Qc8 72.
g6+ Kg7 73. Re7+ Kh6 74. Qg7+ Kg5 75. Re5+ Kf4 76. Qf6+ Qf5 77. Qxf5# 1-0

[Event "ICS Rated blitz match"]
[Site "204.178.125.65"]
[Date "2000.01.26"]
[Round "?"]
[White "StrongBach"]
[Black "Hossa"]
[Result "0-1"]
[WhiteElo "1829"]
[BlackElo "2324"]
[PlyCount "50"]

1. Nc3 d5 2. d4 Bf5 3. Bg5 f6 4. Bd2 Nc6 5. Bf4 e6 6. e3 e5 7. dxe5 fxe5 8. g4
Be6 9. Bg3 Bb4 10. Bb5 Bxc3+ 11. bxc3 Qd6 12. g5 Nge7 13. Qd2 a6 14. Bd3 O-O
15. Ne2 Qa3 16. O-O e4 17. Nf4 Rxf4 18. Bxf4 exd3 19. cxd3 Rc8 20. Rfb1 b5 21.
e4 Ng6 22. Qc1 Qf8 23. Bd2 Qf3 24. Qc2 Bh3 25. exd5 Qg2# 0-1

[Event "ICS Rated blitz match"]
[Site "204.178.125.65"]
[Date "2000.01.26"]
[Round "?"]
[White "Hossa"]
[Black "PostModernist"]
[Result "1/2-1/2"]
[WhiteElo "2326"]
[BlackElo "2505"]
[PlyCount "176"]

1. e4 c5 2. Nf3 d6 3. d4 Nf6 4. Nc3 cxd4 5. Nxd4 e6 6. g4 e5 7. Bb5+ Bd7 8.
Bxd7+ Qxd7 9. Nf5 h5 10. gxh5 Nxe4 11. Nxg7+ Bxg7 12. Nxe4 d5 13. h6 dxe4 14.
hxg7 Qxd1+ 15. Kxd1 Rg8 16. Rg1 Nc6 17. Be3 Ne7 18. Ke2 f6 19. Rg4 Nf5 20. Rag1
Kf7 21. Rxe4 Rac8 22. c3 b6 23. h4 Rxg7 24. Rxg7+ Kxg7 25. Ra4 Rc7 26. h5 Nxe3
27. Kxe3 Kh6 28. Rh4 Kg5 29. Rh1 f5 30. c4 Rxc4 31. h6 f4+ 32. Ke2 Rc8 33. Kf3
Rh8 34. h7 Kf5 35. Rh5+ Kg6 36. Rxe5 Rxh7 37. Kxf4 Kf6 38. Re3 Rh4+ 39. Kg3 Rd4
40. f4 Rd2 41. Ra3 Kf5 42. Rb3 Ke4 43. Rb5 Kd4 44. a4 Rd1 45. f5 Ke4 46. Kg4
Rg1+ 47. Kh4 Kf4 48. Kh3 Rh1+ 49. Kg2 Rh6 50. a5 bxa5 51. b3 Ra6 52. Kf1 Kg4
53. Kf2 Rf6 54. Rxa5 Rxf5+ 55. Rxf5 Kxf5 56. Kf3 Ke5 57. b4 Kd4 58. Kf4 a6 59.
Kf3 Kd3 60. Kf4 Kc3 61. Ke3 Kxb4 62. Kd2 a5 63. Kc2 a4 64. Kb2 Kc4 65. Kc2 Kb5
66. Kb1 Ka5 67. Ka1 Kb6 68. Ka2 Kb5 69. Ka1 Ka5 70. Ka2 Kb6 71. Ka1 Kc5 72. Kb1
Kb6 73. Kc2 Kc6 74. Kb1 Kb6 75. Kc2 Ka5 76. Kc3 Kb5 77. Kb2 Kb4 78. Ka1 a3 79.
Ka2 Ka4 80. Ka1 Kb5 81. Kb1 Ka5 82. Ka2 Kb4 83. Ka1 Kb5 84. Kb1 Kc5 85. Ka2 Kb4
86. Ka1 Kb3 87. Kb1 a2+ 88. Ka1 Ka3 1/2-1/2